000 01647cam a22003974i 4500
003 PE-LiUPU
005 20250731183414.0
008 150623s2002 bl rb 000 0 por d
035 _a(Sirsi) a25543
040 _aPE-LiUPU
_bspa
_cPE-LiUPU
_erda
049 _aPRUA
082 0 4 _a783
_bS79
_221
100 1 _aStefani, Wolfgang Hans Martin,
_eautor.
245 1 0 _aMúsica sacra, cultura & adoracao /
_cStefani Wolfgang Hans Martin.
264 1 _aSao Paulo :
_bImprensa Universitária Adventista,
_c2002.
300 _a280 páginas ;
_c23 centímetros
336 _atext
_2rdacontent
337 _aunmediated
_2rdamedia
338 _avolume
_2rdacarrier
500 _aGlosario.
504 _aIncluye bibliografía.
505 0 _aMpusica e adoracao, o problema -- Cosmovisao e os determinantes do estilo musical -- O conceito de Deus e o estilo de Música sacra um estudo de polaridade -- O contexto cristao occidental -- Conclusoes paradigmáticas e recomendacoes para estudos extras.
526 _aP158
526 _aP146
526 _aP17
526 _aP12
526 _aP06
650 0 4 _aMúsica sacra
_xHistoria.
910 _adbm
_bncf
_cncf
_d20190605
942 _2ddc
_cBOOK
949 _a783 S79
_wDEWEY
_c1
_i49645
_lCCODEBUL1
_mBUL
_p00.00
_r0
_sY
_tBOOK
_u2015-06-24
_xTEOLOGIA
_PP35
_0COMPRA
_o.STAFF. Colección Teología
994 _aC0
_bPEPRU
596 _a1
999 _a783 S79
_wDEWEY
_c32476
_i49645
_d32476
_e2022-6-15
_f2021-11-11
_g6
_lCCODEBUL1
_mBUL
_n4
_p23.00
_q2
_r0
_sY
_tBOOK
_u2015-6-24
_xTEOLOGIA
_PP35
_0COMPRA
_o.STAFF. Colección Teología
980 _81
_gALBERTO SANCHEZ Responsable de Automatización